000 00228nam a22001097a 4500
082 _a823
_bPAI/P
100 _aPAI, ANAND
245 _aPANCHATANTRA
246 _aPANCHATANTRA
_bPANCHATANTRA
650 _aENGLISH STORY
942 _cBK
999 _c8777
_d8777